| 000 | 00531nam a2200121Ia 4500 | ||
|---|---|---|---|
| 008 | 160712s9999 xx 000 0 und d | ||
| 100 | _aVillan, Vicente C. | ||
| 245 |
_cVicente C. Villan _aLawas, Buut, Patugsiling, 'Ag Dungan: Isang Pag-unawa sa Papel ng Kinagisnang Sikolohiya sa Kasaysayang Kolonyal at Himagsikang Pilipino sa Panay, 1896-1898 |
||
| 260 |
_c2013 _bDaluyan: Journal ng Wikang Filipino |
||
| 300 | _avol. 19 no. 2 | ||
| 650 | _xFILIPINO | ||
| 856 | _uhttp://journals.upd.edu.ph/index.php/djwf/issue/view/396/showToc | ||
| 999 |
_c297285 _d297285 |
||